01552nam a2200385 a 4500003000900000005001700009008004100026040001300067245014500080250001200225260003200237300002700269500026600296504005600562650001500618650004100633650002800674650002800702650002600730650002700756653002700783653002200810653002200832653002500854653003900879700002700918700002400945700002200969700002800991700002401019700002101043700002401064700004001088700003801128AR-BaBNM20251128203701.0082120s2002 ||||||||||||||000 | spa|| cAR-BaBNM00aEvaluación del aprendizajebeducación preescolar I, educación preescolar II, artes del lenguaje, estudios sociales de la secundaria. 2 a1ª ed. aBuenos AiresbTroquelc1975 a319 p.btablas, diagr. aEl ejemplar cuyo número de inventario es 064175 ha sido sido preparado conjuntamente por la editorial y el Centro Regional de Ayuda Técnica, Agencia para el Desarrollo Internacional AID, Departamento de Estado del Gobierno de los Estados Unidos de América aContiene bibliografía al final de cada capítulo 4aEVALUACION 4aENSEÑANZA DE LAS CIENCIAS SOCIALES 4aOBJETIVOS EDUCACIONALES 4aOBJETIVOS COGNOSCITIVOS 4aMETODOS DE EVALUACION 4aTECNICAS DE EVALUACION aENSENANZA DE LA LENGUA aEDUCACION INICIAL aEDUCACION INICIAL aEDUCACION SECUNDARIA aPROCESO DE ENSEÑANZA-APRENDIZAJE1 aBloom, Benjamin Samuel1 aHastings, J. Thomas1 aMadaus, George F.1 aKamii, Constance Kazuko1 aCazden, Courtney B.1 aMoore, Walter J.1 aOrlandi, Lisanio R.1 aMolina de Vedia, Enriqueetraductor1 aCarpineti, Rosa P. deerevisión